[Event "59th ch-RUS w HL"]
[Site "Voronezh RUS"]
[Date "2009.06.07"]
[Round "7"]
[White "Matveeva,S"]
[Black "Molchanova,T"]
[Result "0-1"]
[WhiteElo "2410"]
[BlackElo "2321"]

1.d4 d5 2.c4 e6 3.Nc3 c6 4.e3 Nf6 5.Nf3 Nbd7 6.Qc2 Bd6 7.Bd2 O-O 8.O-O-O c5
9.cxd5 exd5 10.h3 Re8 11.g4 Ne4 12.Be1 Nxc3 13.Bxc3 c4 14.Bg2 b5 15.Ne5 Bb7
16.Qf5 Bxe5 17.dxe5 Nc5 18.Kb1 a5 19.h4 b4 20.Bd4 Ne6 21.g5 a4 22.h5 Nxg5
23.Bc5 a3 24.b3 cxb3 25.axb3 Ne6 26.Bd6 h6 27.Ka2 Qb6 28.Rh4 Rec8 29.Rxb4 Qc6
30.Rxb7 Qxb7 31.Bxd5 Qb5 32.Rd2 Rc3 33.Qe4 Rac8 34.Bxa3 Qa5 35.Rb2 Ng5 36.Qd4 Rd8
37.e4 Nxe4 38.Qxe4 Qxd5 39.Qxd5 Rxd5 40.Re2 Rb5 41.b4 Rf3 42.e6 fxe6 43.Rxe6 Rxh5
44.Bc1 Rh4 45.b5 Rxf2+ 46.Kb3 Rf3+ 47.Kc2 Rh2+ 48.Bd2 Rf5 49.b6 Rd5 50.b7 Rdxd2+
51.Kc1 Rc2+ 52.Kd1 Rb2 53.Re8+ Kf7 54.b8=Q Rh1+  0-1

[Event "59th ch-RUS w HL"]
[Site "Voronezh RUS"]
[Date "2009.06.07"]
[Round "7"]
[White "Akatova,E"]
[Black "Girya,O"]
[Result "0-1"]
[WhiteElo "2280"]
[BlackElo "2335"]

1.d4 d5 2.c4 c6 3.Nc3 Nf6 4.Nf3 e6 5.e3 Nbd7 6.Qc2 Bd6 7.Bd2 a6 8.e4 dxe4
9.Nxe4 Nxe4 10.Qxe4 c5 11.O-O-O Nf6 12.Qh4 cxd4 13.Nxd4 Qc7 14.Kb1 e5 15.Re1 O-O
16.Bd3 exd4 17.Bg5 Qc5 18.Ka1 Bf5 19.b4 Qc8 20.Bxf6 gxf6 21.Re4 Bxb4 22.Qxf6 Bxe4
23.Bxe4 Qg4  0-1

[Event "Open"]
[Site "Brescia ITA"]
[Date "2009.06.08"]
[Round "3"]
[White "Lenic,L"]
[Black "Rasmussen,A"]
[Result "1-0"]
[WhiteElo "2574"]
[BlackElo "2501"]

1.d4 d5 2.c4 c6 3.Nf3 Nf6 4.e3 e6 5.Nc3 Nbd7 6.Bd3 dxc4 7.Bxc4 b5 8.Bd3 Bb7
9.a3 Bd6 10.Bd2 O-O 11.Rc1 Qe7 12.Ne4 Nxe4 13.Bxe4 Rfc8 14.O-O a6 15.Qe2 f5
16.Bb1 Nf6 17.Bb4 c5 18.dxc5 Bxc5 19.Rxc5 Rxc5 20.Ba2 Bd5 21.Bxd5 Nxd5 22.Bxc5 Qxc5
23.Nd4 Qc4 24.Qd2 Ne7 25.Rc1 Qd5 26.Rc7 Qd6 27.Qc2 e5 28.Nf3 Rd8 29.h3 h6
30.b4 e4 31.Nd4 f4 32.Rc5 fxe3 33.fxe3 Qg6 34.Re5 Rc8 35.Qxe4 Qxe4 36.Rxe4 Nc6
37.Nf5 Kh7 38.Re6 Rc7 39.Nd6 Nd8 40.Re8 Rd7 41.Ne4 Kg6 42.Nc5 Rd1+ 43.Kf2 Kf7
44.Ke2 Rd5 45.Nxa6 Rd6 46.Nc7 Rd7 47.Rh8 Rxc7 48.Rxd8 Rc2+ 49.Kf3 Rc3 50.Rd5 Rxa3
51.Rxb5 Kg6 52.Rc5 Rb3 53.b5 Rb2 54.Rc6+ Kg5 55.b6 h5 56.g3 h4 57.g4 g6 58.Ke4 Kh6
59.Kd5 Rd2+ 60.Kc5  1-0

[Event "TCh-BUL"]
[Site "Sunny Beach BUL"]
[Date "2009.06.08"]
[Round "1"]
[White "Delchev,A"]
[Black "Nikolov,Sas"]
[Result "1-0"]
[WhiteElo "2648"]
[BlackElo "2394"]

1.d4 d5 2.c4 e6 3.Nc3 c6 4.e3 Nf6 5.Nf3 Nbd7 6.Bd3 Be7 7.O-O O-O 8.Qe2 dxc4
9.Bxc4 b5 10.Bd3 Bb7 11.e4 b4 12.Na4 Qa5 13.b3 c5 14.e5 Nd5 15.Bg5 Nc3 16.Qc2 Bxg5
17.Bxh7+ Kh8 18.Nxg5 cxd4 19.f4 Nxa4 20.Qf2 g6 21.Bxg6 Kg7 22.Be4 Bxe4 23.Nxe4 Rg8
24.bxa4 Qd5 25.Rfe1 Rac8 26.Rad1 d3 27.Qe3 Rc2 28.Rxd3 Qxa2 29.Nd2 Qxa4 30.f5 Kf8
31.Qh6+ Ke7 32.fxe6 Nxe5 33.exf7 Kxf7 34.Rf1+  1-0

[Event "TCh-BUL w"]
[Site "Sunny Beach BUL"]
[Date "2009.06.08"]
[Round "1"]
[White "Raeva,E"]
[Black "Olarasu,G"]
[Result "1/2-1/2"]
[WhiteElo "2233"]
[BlackElo "2272"]

1.d4 Nf6 2.c4 e6 3.Nf3 d5 4.Nc3 c6 5.e3 Nbd7 6.Bd3 Bd6 7.O-O O-O 8.e4 dxc4
9.Bxc4 e5 10.Bg5 Qe7 11.d5 h6 12.Bh4 Rd8 13.dxc6 bxc6 14.Qe2 Nc5 15.Rfd1 Bg4
16.h3 Be6 17.Rd2 a5 18.Rad1 Bc7 19.Bg3 Nfd7 20.Nd5 cxd5 21.exd5 Nb6 22.dxe6 Nxc4
23.Qxc4 f6 24.Nh4 Rxd2 25.Rxd2 Nxe6 26.Nf5 Qf7 27.Qg4 Kh7 28.Nxg7 Qg6 29.Qxe6 Qxg7
30.Qc6 Rd8 31.Rc2 Rd7 32.Qf3 Kg8 33.Bh4 Kh7  1/2-1/2

[Event "FSGM June"]
[Site "Budapest HUN"]
[Date "2009.06.09"]
[Round "4"]
[White "Kovacs,Ga2"]
[Black "Szabo,Krisz1"]
[Result "1/2-1/2"]
[WhiteElo "2524"]
[BlackElo "2518"]

1.d4 d5 2.c4 c6 3.Nf3 Nf6 4.Nc3 e6 5.e3 Nbd7 6.Qc2 Bd6 7.Bd3 O-O 8.O-O dxc4
9.Bxc4 a6 10.Rd1 b5 11.Be2 Qc7 12.Ne4 Nxe4 13.Qxe4 e5 14.Qd3 exd4 15.Qxd4 Be7
16.Qf4 Qxf4 17.exf4 Bf6 18.Nd4 Bxd4 19.Rxd4 Nb6 20.Rd6 Bb7 21.Bd2 Nd5 22.Rc1 Rfd8
23.Rxd8+ Rxd8 24.Bf3 f5 25.h3 g6 26.Kh2 Rd6 27.g4 Bc8 28.Kg3  1/2-1/2

[Event "XLIV Capablanca Memorial Open"]
[Site "Havana CUB"]
[Date "2009.06.10"]
[Round "3"]
[White "Ordaz Valdes,L"]
[Black "Miranda,Y"]
[Result "1/2-1/2"]
[WhiteElo "2296"]
[BlackElo "2196"]

1.d4 d5 2.c4 c6 3.Nc3 Nf6 4.Nf3 e6 5.e3 Nbd7 6.Qc2 Bd6 7.b3 b6 8.Be2 Bb7
9.O-O O-O 10.Bb2 Rc8 11.Rad1 Qe7 12.e4 dxe4 13.Nxe4 Bb8 14.Rfe1 Rfd8 15.Bd3 h6
16.Qe2 Nxe4 17.Qxe4 Nf8 18.Ba1 Qc7 19.Qg4 Qf4 20.Qxf4 Bxf4 21.Be4 Nd7 22.Ne5 Nxe5
23.dxe5 Bd2 24.Re2 Bb4 25.Rxd8+ Rxd8 26.Bc2 Ba6 27.h3 b5 28.Bb2 c5 29.a3 Ba5
30.Be4 bxc4 31.bxc4 Bxc4 32.Rc2 Bd5 33.Bd3 Bb6 34.Bc4 Bxc4 35.Rxc4 Rd1+ 36.Kh2 Rd2
37.Bc1 Rxf2 38.Be3 Ra2 39.a4 Kh7 40.h4 h5 41.Kg3 Kg6 42.Kf3 f6 43.exf6 gxf6
44.g4 Ra3 45.Ke2 hxg4 46.Rxg4+ Kh5 47.Rc4 e5 48.Kf2 Kg6 49.Ke2 Kh5 50.Kf2 f5
51.Bxc5 Bxc5+ 52.Rxc5 Rxa4 53.Rxe5 Kg4 54.h5 Ra2+ 55.Kg1 Ra6 56.Kf2 Rf6 57.Ra5 a6
58.Ra3 Kxh5 59.Rg3 Rg6 60.Ra3 Kg5 61.Kf3 Rh6 62.Ra5 Rb6 63.Ra3 Kf6 64.Kf4 Ke6
65.Ra5 Rb4+ 66.Kf3 Rb6 67.Kf4 Rd6 68.Kg5 Rb6 69.Kf4 Rb4+ 70.Kf3 Rb5 71.Rxa6+ Ke5
72.Ra3 f4 73.Rc3 Kf5 74.Rd3 Rc5  1/2-1/2

[Event "10th Karpov"]
[Site "Poikovsky RUS"]
[Date "2009.06.10"]
[Round "7"]
[White "Onischuk,Al"]
[Black "Shirov,A"]
[Result "1-0"]
[WhiteElo "2684"]
[BlackElo "2745"]

1.d4 d5 2.c4 c6 3.Nf3 Nf6 4.Nc3 e6 5.e3 Nbd7 6.Qc2 Bd6 7.Bd3 O-O 8.O-O e5
9.cxd5 cxd5 10.e4 dxe4 11.Nxe4 Nxe4 12.Bxe4 h6 13.Be3 exd4 14.Bxd4 Nf6 15.Rfe1 Bg4
16.Bxb7 Rb8 17.h3 Bxh3 18.Bc6 Qc8 19.gxh3 Qxh3 20.Ne5 Rfc8 21.Qc3 Qh4 22.Rad1 Bb4
23.Qg3 Qxg3+ 24.fxg3 Bxe1 25.Rxe1 Rd8 26.Bc3 Rd6 27.b4 Rbd8 28.b5 Rd1 29.Kf2 Rxe1
30.Kxe1 h5 31.a4 g5 32.a5 Nd5 33.Bd4 f6 34.Bxa7 fxe5 35.Bc5 Nc3 36.a6 e4
37.a7  1-0

[Event "Open"]
[Site "Brescia ITA"]
[Date "2009.06.11"]
[Round "6"]
[White "Grigore,Ge"]
[Black "Frolyanov,D"]
[Result "1/2-1/2"]
[WhiteElo "2542"]
[BlackElo "2559"]

1.d4 d5 2.c4 e6 3.Nc3 c6 4.e3 Nf6 5.Nf3 Nbd7 6.Qc2 Bd6 7.Bd2 O-O 8.Bd3 a6
9.O-O dxc4 10.Bxc4 c5 11.Bd3 h6 12.Rfd1 Qe7 13.Rac1 b5 14.Ne4 c4 15.Nxd6 Qxd6
16.Be2 Bb7 17.b3 cxb3 18.Qxb3 Rfc8 19.a3 Bd5 20.Qb4 Qb6 21.Qa5 Qb7 22.a4 Bc4
23.Bf1 Nb6 24.axb5 axb5 25.Qb4 Nfd5 26.Qb1 Bxf1 27.Rxf1 Nc4 28.Bb4 Ra4 29.Bc5 Nf6
30.Qb3 Qa6 31.Rb1 Rb8 32.Qd3 Qa8 33.Rfc1 Ne4 34.Bb4 Ra2 35.Rc2 Rxc2 36.Qxc2 Nf6
37.Qb3 Qa4 38.Be1 Qa6 39.h3 Nd5 40.Qd3 Qa2 41.Qb3 Qe2 42.Ra1 Nd6 43.Ra6 Qc4
44.Qb1 Ne8 45.Ne5 Qc8 46.Ra7 Rb7 47.Rxb7 Qxb7 48.Nd3 Qc6 49.Ne5 Qb7 50.Nd3 Qc6
51.Ne5 Qb7  1/2-1/2

[Event "TCh-BUL w"]
[Site "Sunny Beach BUL"]
[Date "2009.06.12"]
[Round "5"]
[White "Voiska,M"]
[Black "Koen,M"]
[Result "0-1"]
[WhiteElo "2332"]
[BlackElo "2114"]

1.Nf3 d5 2.e3 Nf6 3.c4 c6 4.Nc3 e6 5.d4 Nbd7 6.Bd3 dxc4 7.Bxc4 b5 8.Bb3 b4
9.Nb1 Ba6 10.Nbd2 c5 11.Nc4 cxd4 12.exd4 Qc7 13.Nce5 Bb5 14.Be3 Nxe5 15.Nxe5 Qa5
16.Qf3 Rc8 17.Qb7 Rc7 18.Qb8+ Ke7 19.Bf4 Ne8 20.Rc1 Rxc1+ 21.Bxc1 f6 22.Qb7+ Qc7
23.Qxc7+ Nxc7 24.Nc4 Nd5 25.Kd1 Kd7 26.Re1 Be7 27.a4 Ba6 28.g3 Rc8 29.Ne3 Nxe3+
30.Bxe3 Bb7 31.Bd2 Bf3+ 32.Re2 Bxe2+ 33.Kxe2 Bd6 34.h4 h6 35.h5 a5 36.Kd3 f5
37.Bc4 Rf8 38.b3 Ke7 39.f4 Bb8 40.Be3 Rc8 41.Bd2 Ba7 42.Ba6 Rc7 43.Bb5 Kd6
44.Bc4 Bb6 45.Be3 Ke7 46.Bf2 Kf6 47.Be3 g6 48.hxg6 Rg7 49.Bf2 Rxg6 50.Bb5 Ke7
51.Kd2 Rg8 52.Kd3 Rc8 53.Bc4 Kd6 54.Kd2 Bd8 55.Kd3 Bf6 56.Be1 h5 57.Bf2 Rh8
58.Ke2 h4 59.gxh4 Bxh4 60.Bxh4 Rxh4 61.Kf3 Rh3+ 62.Kf2 Rc3 63.Ke2 Ke7 64.d5 Rxc4  0-1

[Event "1st SCS GM Open"]
[Site "Bhubaneswar IND"]
[Date "2009.06.13"]
[Round "9"]
[White "Saravanan,V1"]
[Black "Vishnu,P"]
[Result "1/2-1/2"]
[WhiteElo "2391"]
[BlackElo "2286"]

1.Nf3 d5 2.d4 Nf6 3.c4 c6 4.e3 e6 5.Nc3 Nbd7 6.Qc2 Bd6 7.Bd3 O-O 8.O-O dxc4
9.Bxc4 b5 10.Be2 Bb7 11.Rd1 Qc7 12.e4 e5 13.Bg5 exd4 14.Rxd4 Ne5 15.Bxf6 gxf6
16.h3 Rad8 17.Rdd1 Nxf3+ 18.Bxf3 Bh2+ 19.Kh1 Be5 20.g3 Rxd1+ 21.Rxd1 Rd8
22.Bg2 Rxd1+ 23.Nxd1 Qd6 24.Ne3 Bc8 25.b3 Bd4 26.Nf5 Bxf5 27.exf5 c5 28.Be4 c4
29.bxc4 bxc4 30.Qxc4  1/2-1/2

[Event "TCh-BUL"]
[Site "Sunny Beach BUL"]
[Date "2009.06.13"]
[Round "6"]
[White "Chatalbashev,B"]
[Black "Nikolov,Sas"]
[Result "0-1"]
[WhiteElo "2571"]
[BlackElo "2394"]

1.d4 d5 2.c4 e6 3.Nc3 c6 4.e3 Nf6 5.Nf3 Nbd7 6.Bd3 Be7 7.O-O O-O 8.b3 b6
9.Bb2 Bb7 10.Qc2 Qc7 11.Ne5 Rad8 12.f4 Rfe8 13.cxd5 cxd5 14.Rac1 Qd6 15.Nb5 Qb8
16.Qc7 a6 17.Qxb8 Nxb8 18.Rc7 Bc8 19.Ba3 Bxa3 20.Nxa3 Nfd7 21.Rfc1 Nxe5 22.fxe5 Kf8
23.Kf2 Bd7 24.Rb7 b5 25.Rc5 Rc8 26.Nc2 Ke7 27.a4 Rxc5 28.dxc5 bxa4 29.bxa4 Rc8
30.Nd4 Kd8 31.Bxh7 Be8 32.Bd3 Nd7 33.Bxa6 Nxe5 34.Bb5 Bxb5 35.Nxb5 Rxc5 36.a5 Rc2+
37.Kg3 Ra2 38.Ra7 Nc6 39.Ra8+ Ke7 40.a6 Kf6 41.Nc7 Nb4 42.h4 g6 43.Kf3 Ra3
44.a7 Nc6 45.g4 Rxa7 46.Rc8 Ne5+ 47.Kg3 Ra3 48.g5+ Kf5 49.Nb5 Rxe3+ 50.Kf2 Kf4
51.Nd6 Nd3+ 52.Kg2 Kg4 53.Rf8 Re2+ 54.Kg1 Kg3 55.Rxf7 Ne5 56.Kf1 Nxf7  0-1

[Event "13th FIDE Open"]
[Site "Voronezh RUS"]
[Date "2009.06.13"]
[Round "2"]
[White "Rasstriguine,A"]
[Black "Kruchev,B"]
[Result "0-1"]
[WhiteElo "2091"]
[BlackElo "2245"]

1.Nf3 Nf6 2.c4 e6 3.Nc3 d5 4.d4 c6 5.e3 Nbd7 6.Bd3 dxc4 7.Bxc4 b5 8.Bd3 Bb7
9.O-O a6 10.Qe2 c5 11.Rd1 Qc7 12.Bd2 Bd6 13.h3 O-O 14.a3 e5 15.dxc5 Nxc5
16.Bc2 Qe7 17.e4 Nh5 18.Bg5 f6 19.Be3 Nf4 20.Bxf4 exf4 21.Nd5 Bxd5 22.Rxd5 Be5
23.Nxe5 fxe5 24.b4 Ne6 25.f3 Nd4 26.Qd3 Rac8 27.Bb3 Kh8 28.Rd1 Rc3  0-1

[Event "Open"]
[Site "Brescia ITA"]
[Date "2009.06.14"]
[Round "9"]
[White "Brodsky,M"]
[Black "Bruno,Fabi"]
[Result "0-1"]
[WhiteElo "2524"]
[BlackElo "2441"]

1.d4 d5 2.c4 c6 3.Nf3 Nf6 4.Nc3 e6 5.e3 Nbd7 6.Bd3 dxc4 7.Bxc4 b5 8.Bd3 a6
9.e4 c5 10.e5 cxd4 11.Nxb5 axb5 12.exf6 Bb7 13.O-O Qb6 14.fxg7 Bxg7 15.Bf4 O-O
16.Re1 b4 17.Ne5 Nc5 18.Qg4 f5 19.Qg3 Bd5 20.a3 Ra7 21.axb4 Ne4 22.Qf3 Rb7
23.b5 Nc5 24.Qg3 Nxd3 25.Nxd3 Qxb5 26.b4 Rbf7 27.Bd6 Rd8 28.Ne5 f4 29.Qg5 Rxd6
30.Nxf7 Kxf7 31.Qxf4+ Ke7 32.Ra7+ Rd7 33.Qh4+ Bf6 34.Qxh7+ Kd6 35.Rxd7+ Qxd7
36.Qd3 Qb7 37.Qg3+ e5 38.h4 Qg7 39.Qxg7 Bxg7 40.f3 Bf6 41.h5 Bg5 42.Kf2 d3
43.Rh1 Bh6 44.g3 Kc6 45.g4 e4 46.fxe4 Bxe4 47.Rg1 d2 48.b5+ Kb6 49.Kg3 Bg5
50.Kf2 Bc2 51.Ke2 Bb3 52.Rb1 Ba4 53.h6 Bxh6  0-1

[Event "XXVII Open A"]
[Site "Balatonlelle HUN"]
[Date "2009.06.15"]
[Round "3"]
[White "Kiss,Pa1"]
[Black "Balazs,G2"]
[Result "0-1"]
[WhiteElo "2385"]
[BlackElo "2270"]

1.d4 d5 2.c4 c6 3.Nc3 Nf6 4.e3 e6 5.Nf3 Nbd7 6.Qc2 Bd6 7.Bd3 dxc4 8.Bxc4 O-O
9.O-O a6 10.Rd1 b5 11.Be2 Qc7 12.e4 e5 13.g3 Re8 14.dxe5 Nxe5 15.Bg5 Nxf3+
16.Bxf3 Ng4 17.Kg2 h6 18.Bc1 Be6 19.Bxg4 Bxg4 20.f3 Be6 21.Be3 Rad8 22.Rac1 Be5
23.Bc5 Rxd1 24.Nxd1 Rd8 25.Nf2 Qa5 26.b4 Qxa2 27.Qxa2 Bxa2 28.f4 Bc7 29.Be3 Bc4
30.Ra1 Ra8 31.Nd1 a5 32.Nb2 Bb3 33.bxa5 Rxa5 34.Rc1 Ra2 35.Bd4 Bd6 36.Kf3 c5  0-1

[Event "VI Moncada Elite"]
[Site "Santiago de Cuba CUB"]
[Date "2009.06.15"]
[Round "1"]
[White "Rasmussen,Kar"]
[Black "Perez Rodriguez,L"]
[Result "1-0"]
[WhiteElo "2447"]
[BlackElo "2521"]

1.d4 d5 2.c4 c6 3.Nf3 Nf6 4.e3 e6 5.Nc3 Nbd7 6.Bd3 dxc4 7.Bxc4 b5 8.Be2 Bb7
9.O-O b4 10.Na4 c5 11.dxc5 Nxc5 12.Bd2 Qa5 13.Nxc5 Qxc5 14.Qa4+ Bc6 15.Qa6 Qb6
16.Ne5 Bd7 17.Nxd7 Nxd7 18.Qa4 Rb8 19.Rfd1 Bd6 20.a3 a5 21.axb4 axb4 22.e4 Ke7
23.Bg5+ f6 24.Be3 Qb7 25.Qc2 Rhc8 26.Qd3 Bc5 27.e5 f5 28.Bg5+ Ke8 29.Qh3 Nf8
30.Ba6 Qb6 31.Bxc8 Bxf2+ 32.Kh1 Rxc8 33.Qb3 h6 34.Bd2 Rd8 35.Qc2 Bd4 36.Be1 Kf7
37.Qd2 Qb5 38.Qd3 Qxe5 39.Bxb4 Bg1 40.Bd6 Bxh2 41.Bxe5 Rxd3 42.Kxh2  1-0

[Event "Municipality Cup"]
[Site "Tbilisi GEO"]
[Date "2009.06.15"]
[Round "1"]
[White "Sanikidze,T"]
[Black "Nidal,M"]
[Result "1-0"]
[WhiteElo "2559"]
[BlackElo "2045"]

1.d4 d5 2.Nf3 Nf6 3.c4 c6 4.Nc3 e6 5.e3 Bb4 6.Bd3 dxc4 7.Bxc4 b5 8.Bd3 Bb7
9.O-O O-O 10.e4 h6 11.Qe2 Bxc3 12.bxc3 Nbd7 13.e5 Nd5 14.Qe4 f5 15.exf6 Qxf6
16.Ba3 b4 17.Bxb4 Nxb4 18.cxb4 Rab8 19.Ne5 Nxe5 20.dxe5 Qf5 21.Qxf5 exf5
22.Rfd1 Bc8 23.Bc4+ Kh7 24.a3 Re8 25.f4 Be6 26.Rac1 Rb7 27.Rd6 Bxc4 28.Rxc4 Ree7
29.h3 h5 30.Rcxc6 Kh8 31.Kf2 h4 32.Ke3 a5 33.bxa5 Rb3+ 34.Rd3 Rb2 35.Kf3 Rb5
36.a6 Ra7 37.e6 Re7 38.Rd7 Rb3+ 39.Kf2 Rb2+ 40.Kg1 Re8 41.e7 Re2 42.a7 Kg8
43.Rd8 Rxe7 44.a8=Q  1-0

[Event "13th Open"]
[Site "Voronezh RUS"]
[Date "2009.06.15"]
[Round "4"]
[White "Smirnov,P"]
[Black "Molchanova,T"]
[Result "1-0"]
[WhiteElo "2575"]
[BlackElo "2321"]

1.d4 d5 2.c4 c6 3.Nc3 Nf6 4.Nf3 e6 5.e3 Bd6 6.Bd3 Nbd7 7.O-O O-O 8.Qc2 dxc4
9.Bxc4 e5 10.h3 Qe7 11.Bd2 h6 12.Bb3 exd4 13.exd4 Nb6 14.Rfe1 Be6 15.Bxe6 fxe6
16.Ne5 Bxe5 17.dxe5 Nfd5 18.Ne4 Nd7 19.Bc3 Rf4 20.Qd3 Nc5 21.Nxc5 Qxc5 22.Qg3 Raf8
23.Re2 Kh7 24.Bd2 R4f5 25.Qd3 g6 26.Rf1 Qe7 27.Re4 Kg7 28.b4 a6 29.a4 Rd8
30.Qe2 Rdf8 31.Be3 Nf4 32.Qf3 Qh4 33.Kh2 g5 34.Bc5 Rd8 35.Rd1 Rd5 36.Rdd4 Rf7
37.Rc4 Kg8 38.Be3 Rd3 39.Rcd4 Rxd4 40.Rxd4 Kg7 41.a5 Kg8 42.Kg1 Kg7 43.Qd1 Qh5
44.Qxh5 Nxh5 45.g4 Nf4 46.Bxf4 gxf4 47.Kg2 Kg6 48.Kf3 Kg5 49.Rd8 h5 50.Rg8+ Kh6
51.Re8 hxg4+ 52.hxg4 Kg5 53.Rxe6 Rh7 54.Re8 Rh3+ 55.Ke4 Kg6 56.Rg8+ Kf7 57.Rb8  1-0

[Event "XXVII Open A"]
[Site "Balatonlelle HUN"]
[Date "2009.06.16"]
[Round "4"]
[White "Portisch,L"]
[Black "Gonda,L"]
[Result "1/2-1/2"]
[WhiteElo "2513"]
[BlackElo "2522"]

1.d4 d5 2.c4 c6 3.Nc3 Nf6 4.e3 e6 5.Nf3 Nbd7 6.Qc2 Bd6 7.Be2 dxc4 8.Bxc4 b5
9.Be2 Bb7 10.O-O O-O 11.Rd1 Qc7 12.Bd2 a6 13.Rac1 c5 14.dxc5 Qxc5 15.Be1 Be7
16.Qb1 Qa7 17.b4  1/2-1/2

[Event "XXVII Open A"]
[Site "Balatonlelle HUN"]
[Date "2009.06.16"]
[Round "4"]
[White "Farago,I"]
[Black "Banusz,T"]
[Result "1/2-1/2"]
[WhiteElo "2491"]
[BlackElo "2502"]

1.d4 d5 2.c4 c6 3.Nc3 Nf6 4.e3 e6 5.Nf3 Nbd7 6.Qc2 Bd6 7.Bd3 O-O 8.O-O dxc4
9.Bxc4 a6 10.Rd1 b5 11.Be2 Qc7 12.Ne4 Nxe4 13.Qxe4 e5 14.Qd3 exd4 15.Qxd4 Be7
16.Qf4 Qxf4 17.exf4 Bf6 18.Nd4 Re8 19.Be3 c5 20.Nf5 Bxb2 21.Rab1 Bf6 22.Nd6 Rd8
23.Bf3 Rb8 24.Nxc8 Rbxc8 25.Bb7 Rb8 26.Bxa6 b4 27.Rd5 Ra8 28.Bb5 Nf8 29.Rxd8 Bxd8
30.Bxc5 Rxa2 31.Bxb4 Bf6 32.g3 Rb2 33.Rxb2 Bxb2 34.Kg2 g6 35.Kf3 Kg7 36.Ke4 h5
37.Bd6 Nh7 38.f3 Bf6 39.h4 Nf8 40.f5 Nh7 41.f4 Bc3 42.Be5+ Nf6+ 43.Kf3 Bb4
44.fxg6 fxg6 45.Be8 Ba3 46.f5 gxf5 47.Bxh5 Bd6 48.Ba1 Kh6 49.Bxf6 Kxh5 50.Bg5  1/2-1/2

[Event "13th Master Open"]
[Site "Voronezh RUS"]
[Date "2009.06.16"]
[Round "5"]
[White "Gorshkov,Yuri RUS"]
[Black "Gubaydulin,T"]
[Result "1/2-1/2"]
[WhiteElo "2380"]
[BlackElo "2265"]

1.Nf3 d5 2.d4 Nf6 3.c4 c6 4.Nc3 e6 5.e3 Nbd7 6.Qc2 Bd6 7.Bd2 O-O 8.Be2 dxc4
9.Bxc4 b5 10.Bd3 Bb7 11.a3 a6 12.b4 a5 13.Rb1 axb4 14.axb4 Qe7 15.O-O h6
16.e4 e5 17.dxe5 Nxe5 18.Nxe5 Bxe5 19.h3 Rfd8 20.f4 Bd4+ 21.Kh2 Ng4+ 22.Kg3 Ne3
23.Bxe3 Bxe3 24.Rfe1 Bd4 25.Kf3 Ra3 26.Rb3 Rxb3 27.Qxb3 Qh4 28.Rf1 Bc8 29.Ne2 Bb6
30.Qc3 Be6 31.f5 Rxd3+ 32.Qxd3 Bc4 33.Qd6 Qh5+ 34.g4 Qxh3+ 35.Ng3 Bxf1 36.Qb8+ Kh7
37.Qxb6 Be2+ 38.Kxe2 Qxg3 39.Qxc6 Qxg4+ 40.Ke3 Qg1+ 41.Ke2 h5 42.Qxb5 h4
43.Qd5 Qg2+ 44.Ke3 Qg3+ 45.Ke2 h3 46.Qxf7 Qg4+ 47.Kf2 Qf4+ 48.Ke2 Qxe4+ 49.Kf2 Qf4+
50.Ke2 Qg4+ 51.Kf2 Qg2+ 52.Ke3 Qg5+ 53.Kf3  1/2-1/2

[Event "13th Master Open"]
[Site "Voronezh RUS"]
[Date "2009.06.16"]
[Round "5"]
[White "Papin,V"]
[Black "Sjugirov,S"]
[Result "1/2-1/2"]
[WhiteElo "2462"]
[BlackElo "2588"]

1.d4 d5 2.c4 e6 3.Nc3 c6 4.e3 Nf6 5.Nf3 Nbd7 6.Qc2 Bd6 7.e4 dxe4 8.Nxe4 Nxe4
9.Qxe4 Nf6 10.Qh4 O-O 11.Bd3 Bb4+ 12.Ke2 Re8 13.Rd1 Be7 14.Kf1 b6 15.Ne5 Bb7
16.Bg5 h6 17.Bxh6 gxh6 18.Qg3+ Kf8 19.Qf4 Kg7 20.Qg3+ Kf8 21.Qf4  1/2-1/2

[Event "XXVII Open A"]
[Site "Balatonlelle HUN"]
[Date "2009.06.18"]
[Round "6"]
[White "Erdos,V"]
[Black "Banusz,T"]
[Result "1/2-1/2"]
[WhiteElo "2581"]
[BlackElo "2502"]

1.d4 d5 2.c4 c6 3.Nc3 Nf6 4.e3 e6 5.Nf3 Nbd7 6.Bd3 dxc4 7.Bxc4 b5 8.Bd3 Bd6
9.O-O O-O 10.b3 Bb7 11.Bb2 Qe7 12.e4 e5 13.Ne2 c5 14.Ng3 g6 15.d5 c4 16.bxc4 b4
17.Nh4 Ne8 18.Qg4 Ndf6 19.Qe2 Nd7 20.Qg4 Ndf6 21.Qe2 Nd7 22.Nf3 a5 23.Nd2 Nc7
24.Rab1  1/2-1/2

[Event "XLIV Capablanca Memorial Open"]
[Site "Havana CUB"]
[Date "2009.06.18"]
[Round "10"]
[White "Vigoa Apecheche,Yan"]
[Black "Fernandez,Alex"]
[Result "0-1"]
[WhiteElo "2244"]
[BlackElo "2399"]

1.d4 d5 2.c4 c6 3.Nc3 Nf6 4.Nf3 e6 5.e3 Nbd7 6.Qc2 Bd6 7.g4 dxc4 8.Bxc4 e5
9.g5 Nd5 10.Bd2 O-O 11.Ne4 Qe7 12.Nxd6 Qxd6 13.O-O-O exd4 14.exd4 Rd8 15.h4 Nf8
16.h5 Bg4 17.Qe4 Qe6 18.Qe3 b5 19.Bb3 Bf5 20.Bxd5 cxd5 21.Qb3 Qe4 22.Bb4 Rac8+
23.Bc5 Ne6  0-1

[Event "13th Master Open"]
[Site "Voronezh RUS"]
[Date "2009.06.18"]
[Round "7"]
[White "Zakhartsov,Vi"]
[Black "Sjugirov,S"]
[Result "1/2-1/2"]
[WhiteElo "2550"]
[BlackElo "2588"]

1.d4 d5 2.c4 e6 3.Nc3 c6 4.e3 Nf6 5.Nf3 Nbd7 6.Bd3 dxc4 7.Bxc4 b5 8.Bd3 Bb7
9.O-O a6 10.e4 c5 11.d5 Qc7 12.dxe6 fxe6 13.Bc2 c4 14.Nd4 Nc5 15.Be3 e5 16.Nf3 Be7
17.Ng5 O-O 18.Bxc5 Bxc5 19.Ne6 Qb6 20.Nxf8  1/2-1/2

[Event "Leicester Int"]
[Site "Lutterworth ENG"]
[Date "2009.06.19"]
[Round "1"]
[White "Byron,A"]
[Black "Potter,K"]
[Result "1/2-1/2"]
[WhiteElo "2168"]
[BlackElo "1894"]

1.c4 e6 2.d4 d5 3.Nf3 c6 4.e3 Nf6 5.Nc3 Nbd7 6.Be2 Bd6 7.O-O O-O 8.Qc2 dxc4
9.Bxc4 b5 10.Bd3 Bb7 11.a4 b4 12.Ne4 Nxe4 13.Bxe4 Nf6 14.b3 a5 15.Bb2 Rc8
16.Rfd1 Qe7 17.Bd3 h6 18.e4 Bb8 19.Qc5 Qxc5 20.dxc5 Nd7 21.Bd4 e5 22.Be3 Rcd8
23.Nh4 Rfe8 24.Nf5 Nf8 25.Bc4 Bc7 26.Nd6 Bxd6 27.cxd6 Nd7 28.f3 Ra8 29.Rac1 Rec8
30.Rd2 Ba6 31.Kf2 Bxc4 32.Rxc4 f6 33.g3 Kf7 34.f4 Ke6 35.f5+ Kf7 36.g4 Ra6
37.h4 g5 38.fxg6+ Kxg6 39.Rc1 Rh8 40.Rdc2 Rc8 41.Rd2 Rh8 42.Kf3 Rf8 43.Rdc2 Rc8
44.Rd2 Rf8 45.Rg1 Kh7 46.Ke2 Rg8 47.Ke1 c5 48.g5 fxg5 49.hxg5 h5 50.Rf1 Kg6
51.Rd5 Rc6 52.Ke2 c4 53.Rxa5 cxb3 54.Rb5 Rxd6 55.Rxb4 Rc8 56.Rxb3 Rc2+ 57.Kf3 Ra2
58.Rc1 Rxa4 59.Rc8 Rd1 60.Rd8 Rf1+ 61.Ke2 Rf7 62.Rb7 Ra2+ 63.Ke1 Ra1+ 64.Ke2 Ra2+
65.Bd2 Nc5 66.Rb5 Nxe4 67.Rxe5 Rxd2+ 68.Rxd2 Nxd2 69.Kxd2 h4 70.Re1 Kxg5
71.Rg1+ Kh5 72.Ke2 h3 73.Rg8 Rf6 74.Rh8+ Kg4 75.Rg8+ Kh4 76.Rh8+ Kg3 77.Rg8+ Kh2
78.Rg7 Kh1 79.Rg8 h2 80.Rg7 Ra6 81.Kf2 Ra2+ 82.Kf3 Ra1 83.Kf2 Rg1 84.Ra7 Rg2+
85.Kf3  1/2-1/2

[Event "CIQ"]
[Site "Montreal CAN"]
[Date "2009.06.19"]
[Round "1"]
[White "Hua,L"]
[Black "Bhat,V"]
[Result "1/2-1/2"]
[WhiteElo "2283"]
[BlackElo "2475"]

1.d4 d5 2.c4 c6 3.Nf3 Nf6 4.Nc3 e6 5.e3 Nbd7 6.Qc2 Bd6 7.b3 O-O 8.Be2 b6
9.O-O Bb7 10.Bb2 Qe7 11.Rfd1 Rac8 12.Rac1 Rfd8 13.Qb1 h6 14.Bf1 Bb8 15.g3 dxc4
16.bxc4 c5 17.d5 exd5 18.Nxd5 Qe6 19.Nh4 Nxd5 20.cxd5 Bxd5 21.Rxd5 Qxd5 22.Nf5 Re8
23.Bg2 Qe6 24.Nxg7 Qg6 25.Nxe8 Qxb1 26.Rxb1 Rxe8 27.Bc6 Re7 28.Rd1 Nf8 29.e4 Be5
30.Bxe5  1/2-1/2

[Event "zt 2.3"]
[Site "San Jose CRC"]
[Date "2009.06.19"]
[Round "1"]
[White "Bruzon Batista,L"]
[Black "Echavarria,J"]
[Result "1-0"]
[WhiteElo "2617"]
[BlackElo "2379"]

1.Nf3 d5 2.c4 c6 3.e3 Nf6 4.Nc3 e6 5.d4 Nbd7 6.Bd3 dxc4 7.Bxc4 b5 8.Bd3 a6
9.O-O c5 10.a4 b4 11.Ne4 Bb7 12.Nxf6+ Nxf6 13.dxc5 Bxc5 14.Qe2 O-O 15.e4 e5
16.Bg5 h6 17.Bh4 Qe7 18.Rac1 Bd6 19.Nd2 a5 20.Nb3 Rfc8 21.f3 Bc7 22.Bf2 Nd7
23.Bb5 Bb6 24.Rxc8+ Bxc8 25.Rc1 Qe6 26.Bc4 Qd6 27.Bd5 Ba6 28.Qd1 Bxf2+ 29.Kh1 Qb8
30.Bxa8 Nb6 31.Bd5 Nxa4 32.Bxf7+ Kh7 33.Qd7 Nxb2 34.Rc6 Qa8 35.Qf5+  1-0

[Event "VI Moncada Elite"]
[Site "Santiago de Cuba CUB"]
[Date "2009.06.19"]
[Round "5"]
[White "Gonzalez Vidal,Y"]
[Black "Rasmussen,Kar"]
[Result "1/2-1/2"]
[WhiteElo "2507"]
[BlackElo "2447"]

1.d4 d5 2.c4 c6 3.Nc3 Nf6 4.Nf3 e6 5.e3 Nbd7 6.Qc2 Bd6 7.g4 Nxg4 8.Rg1 Qf6
9.Rxg4 Qxf3 10.Rxg7 Nf6 11.h3 h6 12.Bd2 Kf8 13.Rg1 Rg8 14.Rxg8+ Kxg8 15.Be2 Qh1+
16.Bf1 Qf3 17.Qd1 Qxd1+ 18.Rxd1 e5 19.cxd5 Nxd5 20.Bg2 Nxc3 21.Bxc3  1/2-1/2

[Event "zt 3.4"]
[Site "Tashkent UZB"]
[Date "2009.06.19"]
[Round "4"]
[White "Tologontegin,S"]
[Black "Filippov,An UZB"]
[Result "0-1"]
[WhiteElo "2367"]
[BlackElo "2584"]

1.d4 d5 2.c4 e6 3.Nc3 c6 4.e3 Nf6 5.Nf3 Nbd7 6.Qc2 Bd6 7.Bd3 dxc4 8.Bxc4 b5
9.Bd3 Bb7 10.O-O O-O 11.e4 e5 12.Ne2 c5 13.dxc5 Nxc5 14.Ng3 b4 15.Rd1 Qb6
16.Be3 Ng4 17.Nf5 g6 18.Nh6+ Nxh6 19.Bxh6 Rfc8 20.Be3 Qa5 21.Qe2 Nxd3 22.Qxd3 Bf8
23.Qb3 Rc7 24.Bg5  0-1

[Event "13th Master Open"]
[Site "Voronezh RUS"]
[Date "2009.06.19"]
[Round "8"]
[White "Tunik,G"]
[Black "Zernyshkin,V"]
[Result "1-0"]
[WhiteElo "2499"]
[BlackElo "2231"]

1.d4 e6 2.c4 Nf6 3.Nf3 d5 4.Nc3 c6 5.e3 Nbd7 6.Bd3 dxc4 7.Bxc4 Bd6 8.e4 e5
9.dxe5 Nxe5 10.Nxe5 Bxe5 11.Qxd8+ Kxd8 12.f3 Ke7 13.Bd2 Be6 14.Bxe6 Kxe6
15.O-O-O Rad8 16.Ne2 g6 17.Be3 Nd7 18.Kc2 Bc7 19.Bxa7 c5 20.Nc3 Ba5 21.Nb5 Rc8
22.Rd6+ Ke7 23.Rhd1 Rhd8 24.Kb1 Nf8 25.Rxd8 Bxd8 26.Nd6 Rc7 27.Nxb7 Nd7 28.Nxd8 Ke8
29.e5 Rxa7 30.e6 fxe6 31.Nxe6 h6 32.Rd5 Ra5 33.b4 Ra4 34.bxc5 Rc4 35.Kb2 Ke7
36.Rd4 Ne5 37.Rxc4 Nxc4+ 38.Kc3 Ne3 39.Nd4 Nxg2 40.a4 Nf4 41.Kc4 Kd7 42.a5 Kc7
43.a6 h5 44.Nb5+  1-0